Database Systems: The Complete Book 2/e

Saved in:
Bibliographic Details
Main Author: Ullman
Format: Book
Published: Pearson Education
Tags: Add Tag
No Tags, Be the first to tag this record!

MARC

LEADER 00000nam a2200000Ia 4500
005 20260513122055.0
020 |a 9789332518674 
100 |a Ullman 
365 |c Rs. 
365 |b 20.00 
942 |c BK 
245 |a Database Systems: The Complete Book 2/e 
260 |b Pearson Education 
999 |c 133  |d 133 
952 |0 0  |1 0  |4 0  |7 0  |a UNSW  |b UNSW  |d 2026-04-29  |g 1680.00  |i 16670  |l 0  |p 000029  |r 2026-05-13 12:20:55  |v 1680.00  |w 2026-05-13  |y BK